[Event "Ch France 2018 - Accession"]
[Site "?"]
[Date "2018.08.23"]
[Round "6.2"]
[White "Riff, Jean-Noel"]
[Black "Velten, Paul"]
[Result "1/2-1/2"]
[BlackElo "2464"]
[WhiteElo "2510"]
[LiveChessVersion "1.4.4"]

1. e4 {[%clk 1:30:55]} e6 {[%clk 1:30:47]} 2. d4 {[%clk 1:31:20]} d5
{[%clk 1:31:06]} 3. Nc3 {[%clk 1:31:47]} dxe4 {[%clk 1:31:09]} 4. Nxe4
{[%clk 1:32:11]} Nd7 {[%clk 1:31:17]} 5. Nf3 {[%clk 1:32:22]} Ngf6
{[%clk 1:31:35]} 6. Nxf6+ {[%clk 1:32:46]} Nxf6 {[%clk 1:31:50]} 7. Be3
{[%clk 1:33:12]} Be7 {[%clk 1:28:28]} 8. Bd3 {[%clk 1:32:54]} O-O
{[%clk 1:26:32]} 9. Qe2 {[%clk 1:33:06]} b6 {[%clk 1:25:08]} 10. O-O-O
{[%clk 1:30:21]} Bb7 {[%clk 1:25:21]} 11. Kb1 {[%clk 1:28:06]} Qc8
{[%clk 1:24:36]} 12. Ne5 {[%clk 1:19:10]} c5 {[%clk 1:24:04]} 13. c3
{[%clk 1:16:29]} cxd4 {[%clk 1:21:44]} 14. Bxd4 {[%clk 1:16:19]} Bc5
{[%clk 1:21:56]} 15. Bxc5 {[%clk 1:10:11]} Qxc5 {[%clk 1:20:52]} 16. f4
{[%clk 1:09:28]} Rad8 {[%clk 1:16:25]} 17. Rhe1 {[%clk 1:08:32]} Rd6
{[%clk 1:15:12]} 18. g3 {[%clk 0:51:39]} Rfd8 {[%clk 1:14:43]} 19. Bc2
{[%clk 0:52:05]} Rxd1+ {[%clk 1:11:18]} 20. Rxd1 {[%clk 0:52:30]} Rxd1+
{[%clk 1:11:18]} 21. Qxd1 {[%clk 0:52:56]} Qd5 {[%clk 1:10:49]} 22. Qxd5
{[%clk 0:53:20]} Nxd5 {[%clk 1:10:58]} 23. Kc1 {[%clk 0:53:01]} f6
{[%clk 1:06:06]} 24. Nc4 {[%clk 0:51:41]} 1/2-1/2

[Event "Ch France 2018 - Accession"]
[Site "?"]
[Date "2018.08.23"]
[Round "6.4"]
[White "Joie, Sebastien"]
[Black "Lutard, Theo"]
[Result "1-0"]
[BlackElo "2126"]
[WhiteElo "2424"]
[LiveChessVersion "1.4.4"]

1. c4 {[%clk 1:30:40]} e6 {[%clk 1:30:50]} 2. g3 {[%clk 1:30:53]} f5
{[%clk 1:30:56]} 3. Bg2 {[%clk 1:30:33]} Nf6 {[%clk 1:31:19]} 4. Nf3
{[%clk 1:30:34]} d5 {[%clk 1:31:37]} 5. O-O {[%clk 1:30:52]} Bd6 {[%clk 1:31:56]}
6. d3 {[%clk 1:30:52]} O-O {[%clk 1:32:11]} 7. Nc3 {[%clk 1:31:16]} dxc4
{[%clk 1:31:47]} 8. dxc4 {[%clk 1:31:20]} Nc6 {[%clk 1:32:13]} 9. Nb5
{[%clk 1:14:26]} e5 {[%clk 1:31:53]} 10. Nxd6 {[%clk 1:14:33]} cxd6
{[%clk 1:32:12]} 11. b3 {[%clk 1:14:52]} Ne4 {[%clk 1:30:02]} 12. Ba3
{[%clk 1:14:17]} Rf7 {[%clk 0:39:07]} 13. Bb2 {[%clk 1:05:04]} Be6
{[%clk 0:38:33]} 14. Nd2 {[%clk 1:03:50]} Nf6 {[%clk 0:38:28]} 15. Nf3
{[%clk 1:00:53]} Ne4 {[%clk 0:38:28]} 16. e3 {[%clk 0:59:19]} Rd7
{[%clk 0:35:05]} 17. Qe2 {[%clk 0:58:32]} Qe7 {[%clk 0:32:31]} 18. Rfd1
{[%clk 0:57:38]} Kh8 {[%clk 0:28:42]} 19. Rac1 {[%clk 0:54:00]} Rc8
{[%clk 0:25:05]} 20. Nd2 {[%clk 0:47:30]} Nf6 {[%clk 0:23:27]} 21. Ba3
{[%clk 0:43:25]} e4 {[%clk 0:19:28]} 22. f3 {[%clk 0:42:28]} Ne5 {[%clk 0:09:17]}
23. Nb1 {[%clk 0:38:53]} exf3 {[%clk 0:08:26]} 24. Bxf3 {[%clk 0:39:22]} Nxf3+
{[%clk 0:08:09]} 25. Qxf3 {[%clk 0:39:50]} Bf7 {[%clk 0:05:31]} 26. Qxf5
{[%clk 0:37:23]} Qxe3+ {[%clk 0:05:56]} 27. Qf2 {[%clk 0:37:49]} Qxf2+
{[%clk 0:05:29]} 28. Kxf2 {[%clk 0:38:17]} Rcd8 {[%clk 0:03:33]} 29. Nc3
{[%clk 0:34:47]} d5 {[%clk 0:03:52]} 30. cxd5 {[%clk 0:34:23]} Nxd5
{[%clk 0:04:17]} 31. Ne4 {[%clk 0:33:04]} h6 {[%clk 0:04:14]} 32. Nc5
{[%clk 0:30:10]} Rc7 {[%clk 0:04:39]} 33. Bb2 {[%clk 0:27:10]} Rf8
{[%clk 0:02:13]} 34. Kg1 {[%clk 0:27:08]} b6 {[%clk 0:01:39]} 35. Nd3
{[%clk 0:26:46]} Rfc8 {[%clk 0:01:15]} 36. Ne5 {[%clk 0:26:59]} Be6
{[%clk 0:01:10]} 37. Rxc7 {[%clk 0:21:39]} Rxc7 {[%clk 0:01:29]} 38. Rd2
{[%clk 0:17:23]} Kh7 {[%clk 0:01:39]} 39. h4 {[%clk 0:17:37]} Rc8
{[%clk 0:01:05]} 40. Nf3 {[%clk 0:17:03]} Bf7 {[%clk 0:00:45]} 41. Nd4
{[%clk 0:17:16]} Ne3 {[%clk 0:18:31]} 42. Kf2 {[%clk 0:39:12]} Re8
{[%clk 0:15:09]} 43. Nb5 {[%clk 0:38:52]} Re7 {[%clk 0:13:16]} 44. Nd6
{[%clk 0:37:37]} Bd5 {[%clk 0:10:49]} 45. Rd4 {[%clk 0:33:40]} Bc6
{[%clk 0:06:44]} 46. Bc1 {[%clk 0:30:38]} Nd5 {[%clk 0:06:45]} 47. Rc4
{[%clk 0:30:52]} Rc7 {[%clk 0:05:52]} 48. Bd2 {[%clk 0:30:32]} Bd7
{[%clk 0:03:49]} 49. Kf3 {[%clk 0:30:53]} Rxc4 {[%clk 0:03:08]} 50. bxc4
{[%clk 0:31:22]} Nf6 {[%clk 0:02:53]} 51. Be3 {[%clk 0:24:37]} Bc6+
{[%clk 0:01:31]} 52. Kf4 {[%clk 0:23:57]} Nh5+ {[%clk 0:01:51]} 53. Ke5
{[%clk 0:24:16]} Nxg3 {[%clk 0:01:41]} 54. Nc8 {[%clk 0:24:41]} a6
{[%clk 0:01:06]} 55. Nxb6 {[%clk 0:23:41]} Ne4 {[%clk 0:01:17]} 56. Nd5
{[%clk 0:23:45]} Nf6 {[%clk 0:00:57]} 57. Ne7 {[%clk 0:22:52]} Ng4+
{[%clk 0:00:59]} 58. Kf4 {[%clk 0:23:19]} Bd7 {[%clk 0:00:59]} 59. Bd4
{[%clk 0:23:30]} g5+ {[%clk 0:00:42]} 60. hxg5 {[%clk 0:23:54]} hxg5+
{[%clk 0:01:10]} 61. Kxg5 {[%clk 0:24:15]} Nh6 {[%clk 0:01:03]} 62. Nd5
{[%clk 0:21:31]} Nf5 {[%clk 0:00:31]} 63. Be5 {[%clk 0:18:36]} Bc8
{[%clk 0:00:33]} 64. Nb6 {[%clk 0:18:24]} Be6 {[%clk 0:00:40]} 65. Kf6
{[%clk 0:18:28]} Ng7 {[%clk 0:00:47]} 66. Ke7 {[%clk 0:18:49]} Bxc4
{[%clk 0:00:31]} 67. Nxc4 {[%clk 0:19:06]} Nf5+ {[%clk 0:00:42]} 68. Kf6
{[%clk 0:18:43]} Nh4 {[%clk 0:00:53]} 69. Nd2 {[%clk 0:18:28]} Kg8
{[%clk 0:01:05]} 70. Bd4 {[%clk 0:17:34]} Ng2 {[%clk 0:00:42]} 71. Kf5
{[%clk 0:17:18]} Ne1 {[%clk 0:00:57]} 72. Ke4 {[%clk 0:17:40]} Kf7
{[%clk 0:00:39]} 73. Bf2 {[%clk 0:17:15]} Nc2 {[%clk 0:00:48]} 74. Bc5
{[%clk 0:17:44]} Ne1 {[%clk 0:00:45]} 75. Nb3 {[%clk 0:17:29]} Ke8
{[%clk 0:00:42]} 76. Nd4 {[%clk 0:16:59]} Kd7 {[%clk 0:00:49]} 77. Nf5
{[%clk 0:16:28]} Kc6 {[%clk 0:00:54]} 78. Bf8 {[%clk 0:15:40]} Kb5
{[%clk 0:00:41]} 79. Ne3 {[%clk 0:16:02]} Ka4 {[%clk 0:00:31]} 80. Be7
{[%clk 0:16:24]} a5 {[%clk 0:00:45]} 81. Bd6 {[%clk 0:16:25]} Kb5
{[%clk 0:00:52]} 82. Bg3 {[%clk 0:16:49]} Ka4 {[%clk 0:01:11]} 83. Bxe1
{[%clk 0:17:13]} Ka3 {[%clk 0:01:37]} 84. Kd3 {[%clk 0:17:22]} Kxa2
{[%clk 0:02:02]} 85. Kc2 {[%clk 0:15:57]} Ka3 {[%clk 0:02:03]} 86. Kc3
{[%clk 0:16:14]} Ka4 {[%clk 0:01:09]} 87. Kc4 {[%clk 0:16:42]} Ka3
{[%clk 0:01:34]} 88. Bxa5 {[%clk 0:17:07]} Ka4 {[%clk 0:01:19]} 89. Bc3
{[%clk 0:16:43]} Ka3 {[%clk 0:01:45]} 90. Kb5 {[%clk 0:17:04]} Kb3
{[%clk 0:02:01]} 91. Bb4 {[%clk 0:17:33]} Ka2 {[%clk 0:01:16]} 92. Ka4
{[%clk 0:17:55]} Kb2 {[%clk 0:01:39]} 93. Bd2 {[%clk 0:18:21]} Ka2
{[%clk 0:01:50]} 94. Nc4 {[%clk 0:18:44]} Kb1 {[%clk 0:01:50]} 95. Kb3
{[%clk 0:19:11]} Ka1 {[%clk 0:02:15]} 96. Be3 {[%clk 0:19:36]} Kb1
{[%clk 0:02:41]} 97. Na3+ {[%clk 0:20:04]} Ka1 {[%clk 0:03:07]} 98. Bd4# 1-0

[Event "Ch France 2018 - Accession"]
[Site "?"]
[Date "2018.08.24"]
[Round "7.1"]
[White "Philippe, Guillaume"]
[Black "Lagarde, Maxime"]
[Result "0-1"]
[BlackElo "2607"]
[WhiteElo "2357"]
[LiveChessVersion "1.4.4"]

1. Nf3 {[%clk 1:30:55]} Nf6 {[%clk 1:29:50]} 2. e3 {[%clk 1:30:54]} g6
{[%clk 1:29:12]} 3. b4 {[%clk 1:30:43]} e6 {[%clk 1:26:42]} 4. a3
{[%clk 1:25:50]} a5 {[%clk 1:25:36]} 5. b5 {[%clk 1:25:34]} Bg7 {[%clk 1:25:37]}
6. Bb2 {[%clk 1:25:10]} O-O {[%clk 1:25:37]} 7. c4 {[%clk 1:25:10]} c5
{[%clk 1:25:37]} 8. Nc3 {[%clk 1:25:10]} d5 {[%clk 1:25:37]} 9. Na4
{[%clk 1:25:10]} Nbd7 {[%clk 1:25:37]} 10. Rc1 {[%clk 1:25:10]} Qe7
{[%clk 1:25:37]} 11. Qb3 {[%clk 1:25:10]} dxc4 {[%clk 1:25:37]} 12. Bxc4
{[%clk 1:25:10]} b6 {[%clk 1:25:37]} 13. Ne5 {[%clk 0:55:35]} Bb7
{[%clk 1:02:17]} 14. Nxd7 {[%clk 0:50:33]} Nxd7 {[%clk 1:02:31]} 15. Bxg7
{[%clk 0:50:20]} Kxg7 {[%clk 1:02:57]} 16. O-O {[%clk 0:50:06]} Rfd8
{[%clk 1:00:59]} 17. d3 {[%clk 0:48:47]} Rab8 {[%clk 0:58:20]} 18. f4
{[%clk 0:47:09]} Bd5 {[%clk 0:55:11]} 19. Rcd1 {[%clk 0:36:11]} Nf6
{[%clk 0:54:17]} 20. Qc3 {[%clk 0:30:49]} Kg8 {[%clk 0:52:45]} 21. h3
{[%clk 0:28:18]} Rd6 {[%clk 0:51:05]} 22. Nb2 {[%clk 0:19:25]} Nh5
{[%clk 0:43:03]} 23. e4 {[%clk 0:18:16]} Ng3 {[%clk 0:42:07]} 24. Rfe1
{[%clk 0:18:06]} Bb7 {[%clk 0:40:23]} 25. Kh2 {[%clk 0:15:40]} Nh5
{[%clk 0:40:38]} 26. Rf1 {[%clk 0:14:53]} Rd4 {[%clk 0:39:38]} 27. Qe1
{[%clk 0:15:18]} Rbd8 {[%clk 0:38:19]} 28. g4 {[%clk 0:14:12]} Ng7
{[%clk 0:35:28]} 29. Qg3 {[%clk 0:13:41]} Kh8 {[%clk 0:33:20]} 30. f5
{[%clk 0:11:39]} gxf5 {[%clk 0:31:41]} 31. exf5 {[%clk 0:11:47]} exf5
{[%clk 0:31:39]} 32. Rde1 {[%clk 0:11:35]} Qf6 {[%clk 0:31:36]} 33. g5
{[%clk 0:07:39]} Qg6 {[%clk 0:27:20]} 34. Re7 {[%clk 0:05:32]} Bd5
{[%clk 0:27:38]} 35. Qc7 {[%clk 0:03:40]} Ba8 {[%clk 0:15:04]} 36. Rxf7
{[%clk 0:02:39]} Qxg5 {[%clk 0:14:57]} 37. Qg3 {[%clk 0:01:57]} Qxg3+
{[%clk 0:11:24]} 38. Kxg3 {[%clk 0:02:24]} f4+ {[%clk 0:06:28]} 39. Kf2
{[%clk 0:02:29]} Ne8 {[%clk 0:03:07]} 40. Rf8+ {[%clk 0:01:40]} Kg7
{[%clk 0:03:36]} 41. Rg8+ {[%clk 0:01:37]} Kh6 {[%clk 0:02:51]} 42. Re1
{[%clk 0:01:16]} Ng7 {[%clk 0:03:09]} 43. Rxd8 {[%clk 0:00:59]} Rxd8
{[%clk 0:03:34]} 44. Na4 {[%clk 0:01:04]} Rd6 {[%clk 0:03:54]} 45. Re7
{[%clk 0:01:16]} Rg6 {[%clk 0:03:30]} 46. Rf7 {[%clk 0:01:28]} Nh5
{[%clk 0:02:19]} 47. Rf5 {[%clk 0:00:33]} Rg2+ {[%clk 0:02:17]} 48. Ke1
{[%clk 0:30:29]} Bf3 {[%clk 0:32:05]} 49. Re5 {[%clk 0:25:23]} Ng3
{[%clk 0:30:50]} 50. Nxb6 {[%clk 0:24:51]} Bh5 {[%clk 0:30:50]} 51. Bd5 f3
{[%clk 0:31:17]} 52. Rxh5+ {[%clk 0:24:51]} Nxh5 {[%clk 0:31:40]} 53. Bxf3 Rb2
54. a4 {[%clk 0:24:46]} Nf4 {[%clk 0:32:02]} 55. Be4 {[%clk 0:24:45]} Nxh3
{[%clk 0:29:49]} 56. Nc4 {[%clk 0:19:47]} Rb4 {[%clk 0:30:05]} 57. b6
{[%clk 0:18:06]} Rxa4 {[%clk 0:28:11]} 58. b7 {[%clk 0:18:28]} Rb4
{[%clk 0:28:38]} 59. Nxa5 {[%clk 0:18:32]} Kg7 {[%clk 0:25:24]} 60. Kd2
{[%clk 0:17:21]} h5 {[%clk 0:15:30]} 61. Kc3 {[%clk 0:17:26]} Ng1
{[%clk 0:15:23]} 62. Nc4 {[%clk 0:13:00]} Ne2+ {[%clk 0:07:41]} 63. Kd2
{[%clk 0:12:30]} Nd4 {[%clk 0:07:47]} 64. Ke3 {[%clk 0:10:16]} Kf6
{[%clk 0:06:34]} 65. Kf4 {[%clk 0:09:31]} Ne6+ {[%clk 0:06:21]} 66. Kg3
{[%clk 0:09:54]} Nd8 {[%clk 0:05:19]} 67. Kh4 {[%clk 0:09:11]} Nxb7
{[%clk 0:05:38]} 68. Kxh5 {[%clk 0:09:23]} Nd8 {[%clk 0:02:12]} 69. Kg4
{[%clk 0:09:32]} Ne6 {[%clk 0:02:32]} 70. Ne3 {[%clk 0:06:50]} Ke5
{[%clk 0:02:38]} 71. Kg3 {[%clk 0:05:56]} Rb8 {[%clk 0:02:07]} 72. Nc4+
{[%clk 0:05:27]} Kd4 {[%clk 0:02:20]} 73. Nd6 {[%clk 0:05:15]} Rf8
{[%clk 0:01:22]} 74. Kg4 {[%clk 0:05:02]} Rf1 {[%clk 0:01:16]} 75. Nf5+
{[%clk 0:04:49]} Kc3 {[%clk 0:01:18]} 76. Ne3 {[%clk 0:04:22]} Rf4+
{[%clk 0:01:38]} 77. Kg3 {[%clk 0:04:39]} Rf8 {[%clk 0:01:52]} 78. Kg4
{[%clk 0:04:45]} Nf4 {[%clk 0:01:46]} 79. Nd1+ {[%clk 0:03:58]} Kd4
{[%clk 0:01:46]} 80. Nb2 {[%clk 0:03:40]} Ne2 {[%clk 0:01:09]} 81. Bf5
{[%clk 0:02:48]} Nc1 {[%clk 0:01:13]} 82. Kf4 {[%clk 0:00:41]} Nxd3+
{[%clk 0:01:29]} 0-1

[Event "Ch France 2018 - Accession"]
[Site "?"]
[Date "2018.08.24"]
[Round "7.2"]
[White "Favarel, Julien"]
[Black "Riff, Jean-Noel"]
[Result "1/2-1/2"]
[BlackElo "2510"]
[WhiteElo "2249"]
[LiveChessVersion "1.4.4"]

1. e4 {[%clk 1:30:57]} e5 {[%clk 1:30:56]} 2. Nf3 {[%clk 1:31:23]} Nc6
{[%clk 1:31:23]} 3. Bc4 {[%clk 1:31:34]} Nf6 {[%clk 1:31:48]} 4. d3
{[%clk 1:31:59]} h6 {[%clk 1:32:12]} 5. O-O {[%clk 1:29:09]} d6 {[%clk 1:32:08]}
6. c3 {[%clk 1:29:18]} g5 {[%clk 1:32:26]} 7. Re1 {[%clk 1:20:45]} Bg7
{[%clk 1:31:50]} 8. d4 {[%clk 1:17:59]} Bg4 {[%clk 1:01:33]} 9. Bb5
{[%clk 1:09:57]} Nd7 {[%clk 0:58:57]} 10. d5 {[%clk 0:56:28]} Ne7
{[%clk 0:59:22]} 11. Be2 {[%clk 0:56:36]} Nf6 {[%clk 0:55:33]} 12. Nfd2
{[%clk 0:55:36]} Bd7 {[%clk 0:53:52]} 13. c4 {[%clk 0:55:15]} g4 {[%clk 0:54:15]}
14. Nc3 {[%clk 0:53:41]} h5 {[%clk 0:53:31]} 15. Nf1 {[%clk 0:50:55]} Ng6
{[%clk 0:50:06]} 16. Ne3 {[%clk 0:44:19]} Bh6 {[%clk 0:47:27]} 17. Bf1
{[%clk 0:26:18]} h4 {[%clk 0:43:33]} 18. Nf5 {[%clk 0:22:02]} Bxc1
{[%clk 0:42:00]} 19. Rxc1 {[%clk 0:22:31]} g3 {[%clk 0:36:17]} 20. fxg3
{[%clk 0:20:41]} hxg3 {[%clk 0:36:01]} 21. hxg3 {[%clk 0:20:58]} Nxe4
{[%clk 0:35:58]} 22. Nxe4 {[%clk 0:15:32]} Bxf5 {[%clk 0:36:19]} 23. Bd3
{[%clk 0:15:12]} Bxe4 {[%clk 0:36:12]} 24. Bxe4 {[%clk 0:15:37]} Qg5
{[%clk 0:36:25]} 25. Qf3 {[%clk 0:15:39]} Ne7 {[%clk 0:28:05]} 26. g4
{[%clk 0:13:22]} Rh4 {[%clk 0:27:35]} 27. Rf1 {[%clk 0:12:11]} O-O-O
{[%clk 0:26:54]} 28. c5 {[%clk 0:11:58]} Rdh8 {[%clk 0:21:03]} 29. cxd6
{[%clk 0:11:15]} Rh1+ {[%clk 0:19:45]} 30. Kf2 {[%clk 0:11:44]} Rxf1+
{[%clk 0:19:55]} 31. Rxf1 {[%clk 0:11:48]} cxd6 {[%clk 0:19:46]} 32. Qxf7
{[%clk 0:09:20]} Kb8 {[%clk 0:19:39]} 33. Qe6 {[%clk 0:05:54]} Qd2+
{[%clk 0:11:54]} 34. Kg3 {[%clk 0:04:30]} Qe3+ {[%clk 0:12:19]} 35. Rf3
{[%clk 0:04:19]} Qe1+ {[%clk 0:12:33]} 36. Rf2 {[%clk 0:04:45]} Nc8
{[%clk 0:11:03]} 37. Bf5 {[%clk 0:04:32]} Qe3+ {[%clk 0:08:26]} 38. Rf3
{[%clk 0:04:54]} Qc1 {[%clk 0:08:33]} 39. Rf2 {[%clk 0:04:21]} Qc5
{[%clk 0:06:02]} 40. Qf6 {[%clk 0:02:44]} Qe3+ {[%clk 0:06:25]} 41. Rf3
{[%clk 0:03:01]} Qe1+ {[%clk 0:06:47]} 42. Rf2 {[%clk 0:03:23]} Qe3+
{[%clk 0:06:33]} 43. Rf3 {[%clk 0:01:53]} Qe1+ {[%clk 0:06:59]} 1/2-1/2

[Event "Ch France 2018 - Accession"]
[Site "?"]
[Date "2018.08.24"]
[Round "7.3"]
[White "Bailet, Pierre"]
[Black "Monroy, Charles"]
[Result "0-1"]
[BlackElo "2428"]
[WhiteElo "2496"]
[LiveChessVersion "1.4.4"]

1. e4 {[%clk 1:30:45]} e5 {[%clk 1:30:48]} 2. Nf3 {[%clk 1:30:50]} Nc6
{[%clk 1:31:12]} 3. Nc3 {[%clk 1:30:29]} Nf6 {[%clk 1:31:19]} 4. Be2
{[%clk 1:30:47]} d5 {[%clk 1:26:23]} 5. exd5 {[%clk 1:30:00]} Nxd5
{[%clk 1:26:49]} 6. O-O {[%clk 1:29:45]} Nxc3 {[%clk 1:25:29]} 7. bxc3
{[%clk 1:30:07]} Bd6 {[%clk 1:25:44]} 8. d4 {[%clk 1:28:12]} O-O {[%clk 1:21:46]}
9. Re1 {[%clk 1:27:01]} h6 {[%clk 1:16:10]} 10. Bd3 {[%clk 1:12:23]} exd4
{[%clk 1:08:33]} 11. cxd4 {[%clk 1:12:27]} Qf6 {[%clk 1:08:16]} 12. c3
{[%clk 1:04:59]} Bg4 {[%clk 1:00:01]} 13. Rb1 {[%clk 1:00:48]} Rab8
{[%clk 1:00:02]} 14. h3 {[%clk 0:56:40]} Bxf3 {[%clk 0:54:33]} 15. Qxf3
{[%clk 0:56:58]} Qxf3 {[%clk 0:55:00]} 16. gxf3 {[%clk 0:57:19]} b6
{[%clk 0:54:15]} 17. Be3 {[%clk 0:40:42]} Rbd8 {[%clk 0:53:02]} 18. Kh1
{[%clk 0:29:35]} Ne7 {[%clk 0:42:45]} 19. Rg1 {[%clk 0:29:54]} Kh8
{[%clk 0:42:41]} 20. c4 {[%clk 0:25:45]} Be5 {[%clk 0:33:08]} 21. d5
{[%clk 0:16:16]} c6 {[%clk 0:31:14]} 22. Rbe1 {[%clk 0:11:48]} Bf6
{[%clk 0:26:31]} 23. Bc1 {[%clk 0:10:09]} cxd5 {[%clk 0:25:33]} 24. Ba3
{[%clk 0:10:37]} Rfe8 {[%clk 0:25:03]} 25. Bc2 {[%clk 0:11:03]} Ng6
{[%clk 0:10:52]} 26. Rxe8+ {[%clk 0:11:00]} Rxe8 {[%clk 0:11:21]} 27. Bxg6
{[%clk 0:08:51]} fxg6 {[%clk 0:11:50]} 28. cxd5 {[%clk 0:09:13]} Re2
{[%clk 0:11:41]} 29. Rd1 {[%clk 0:07:54]} Rxa2 {[%clk 0:11:46]} 30. Rd3
{[%clk 0:05:19]} Kg8 {[%clk 0:08:20]} 31. Bd6 {[%clk 0:02:36]} Kf7
{[%clk 0:07:58]} 32. f4 {[%clk 0:02:40]} Rxf2 {[%clk 0:06:51]} 33. Be5
{[%clk 0:03:05]} Ke8 {[%clk 0:06:10]} 34. Ra3 {[%clk 0:01:22]} a5
{[%clk 0:05:11]} 35. Rc3 {[%clk 0:01:16]} a4 {[%clk 0:11:10]} 36. Rc8+
{[%clk 0:01:15]} Kd7 {[%clk 0:04:31]} 37. Rc7+ {[%clk 0:01:13]} Kd8
{[%clk 0:04:55]} 38. Ra7 {[%clk 0:01:29]} Rd2 {[%clk 0:04:11]} 39. Ra8+
{[%clk 0:00:54]} Kd7 {[%clk 0:04:29]} 40. Ra7+ {[%clk 0:01:20]} Kc8
{[%clk 0:04:01]} 41. d6 {[%clk 0:24:52]} Rd5 {[%clk 0:30:10]} 42. d7+
{[%clk 0:12:35]} Rxd7 {[%clk 0:30:06]} 43. Rxa4 {[%clk 0:12:42]} Bxe5
{[%clk 0:30:01]} 44. fxe5 {[%clk 0:13:02]} Rd5 {[%clk 0:30:06]} 45. Ra8+
{[%clk 0:13:00]} Kd7 {[%clk 0:21:51]} 46. Ra7+ {[%clk 0:11:49]} Ke6
{[%clk 0:22:19]} 47. Rxg7 {[%clk 0:11:49]} Kxe5 {[%clk 0:22:43]} 48. Rxg6
{[%clk 0:11:48]} Rd6 {[%clk 0:23:10]} 49. Rg8 {[%clk 0:09:34]} Kd4
{[%clk 0:23:28]} 50. Rb8 {[%clk 0:09:38]} Kc5 {[%clk 0:23:09]} 51. Kg2
{[%clk 0:09:52]} Rf6 {[%clk 0:20:16]} 52. Kg3 {[%clk 0:08:54]} b5
{[%clk 0:20:41]} 53. Rc8+ {[%clk 0:09:00]} Kd4 {[%clk 0:19:45]} 54. Rb8
{[%clk 0:08:40]} Kc4 {[%clk 0:20:12]} 55. Kg4 {[%clk 0:08:41]} b4
{[%clk 0:20:34]} 56. Kh5 {[%clk 0:08:33]} b3 {[%clk 0:20:28]} 57. h4
{[%clk 0:08:57]} Kc3 {[%clk 0:20:40]} 58. Rc8+ {[%clk 0:09:14]} Kd2
{[%clk 0:20:59]} 59. Rb8 {[%clk 0:09:40]} Kc2 {[%clk 0:21:26]} 60. Rc8+
{[%clk 0:10:05]} Kb1 {[%clk 0:20:44]} 0-1

[Event "Ch France 2018 - Accession"]
[Site "?"]
[Date "2018.08.24"]
[Round "7.4"]
[White "Velten, Paul"]
[Black "Joie, Sebastien"]
[Result "1-0"]
[BlackElo "2424"]
[WhiteElo "2464"]
[LiveChessVersion "1.4.4"]

1. d4 {[%clk 1:30:53]} d5 {[%clk 1:30:49]} 2. Nf3 {[%clk 1:30:14]} e6
{[%clk 1:31:02]} 3. c4 {[%clk 1:30:02]} c6 {[%clk 1:31:27]} 4. Nbd2
{[%clk 1:28:51]} f5 {[%clk 1:29:44]} 5. g3 {[%clk 1:28:33]} Bd6 {[%clk 1:29:32]}
6. Bg2 {[%clk 1:28:35]} Nd7 {[%clk 1:29:50]} 7. O-O {[%clk 1:27:07]} Nh6
{[%clk 1:29:59]} 8. b3 {[%clk 1:17:48]} O-O {[%clk 1:27:38]} 9. Bb2
{[%clk 1:17:36]} Nf7 {[%clk 1:27:53]} 10. Ne1 {[%clk 1:17:33]} Qf6
{[%clk 1:25:41]} 11. Nd3 {[%clk 1:06:22]} g5 {[%clk 1:24:03]} 12. f3
{[%clk 1:06:10]} f4 {[%clk 1:23:56]} 13. Qe1 {[%clk 1:06:08]} e5 {[%clk 1:13:55]}
14. cxd5 {[%clk 1:05:04]} cxd5 {[%clk 1:14:08]} 15. e4 {[%clk 1:03:58]} Qg6
{[%clk 1:12:06]} 16. gxf4 {[%clk 0:56:48]} exf4 {[%clk 1:09:24]} 17. Rf2
{[%clk 0:47:43]} Nf6 {[%clk 1:00:04]} 18. Ne5 {[%clk 0:46:37]} Bxe5
{[%clk 0:54:29]} 19. dxe5 {[%clk 0:46:40]} dxe4 {[%clk 0:54:51]} 20. exf6
{[%clk 0:43:32]} e3 {[%clk 0:55:20]} 21. Re2 {[%clk 0:43:36]} exd2
{[%clk 0:53:27]} 22. Qxd2 {[%clk 0:41:48]} Bf5 {[%clk 0:50:25]} 23. Re7
{[%clk 0:42:06]} Rad8 {[%clk 0:48:44]} 24. Qf2 {[%clk 0:41:42]} Bc8
{[%clk 0:41:29]} 25. Rae1 {[%clk 0:38:49]} h5 {[%clk 0:38:27]} 26. Bf1
{[%clk 0:27:39]} Qf5 {[%clk 0:30:11]} 27. Bc4 {[%clk 0:24:56]} g4
{[%clk 0:27:59]} 28. R7e5 {[%clk 0:23:06]} Qg6 {[%clk 0:28:08]} 29. Qh4
{[%clk 0:17:57]} Bf5 {[%clk 0:26:47]} 30. fxg4 {[%clk 0:18:17]} Qxg4+
{[%clk 0:23:56]} 31. Qxg4+ {[%clk 0:18:42]} Bxg4 {[%clk 0:24:24]} 32. h3
{[%clk 0:18:31]} Bd1 {[%clk 0:21:58]} 33. Rg5+ {[%clk 0:15:14]} Kh8
{[%clk 0:22:10]} 34. Rg7 {[%clk 0:15:37]} f3 {[%clk 0:19:25]} 35. Bc3
{[%clk 0:12:48]} Nh6 {[%clk 0:15:10]} 36. Ree7 {[%clk 0:13:09]} Bc2
{[%clk 0:15:25]} 37. Rh7+ {[%clk 0:13:09]} Bxh7 {[%clk 0:15:51]} 38. f7+
{[%clk 0:13:34]} Rd4 {[%clk 0:16:19]} 39. Bxd4# {[%clk 0:13:58]} 1-0

[Event "Ch France 2018 - Accession"]
[Site "?"]
[Date "2018.08.25"]
[Round "8.1"]
[White "Monroy, Charles"]
[Black "Velten, Paul"]
[Result "0-1"]
[BlackElo "2464"]
[WhiteElo "2428"]
[LiveChessVersion "1.4.4"]

1. Nf3 {[%clk 1:30:51]} Nf6 {[%clk 1:30:45]} 2. c4 {[%clk 1:31:09]} b6
{[%clk 1:30:48]} 3. g3 {[%clk 1:31:24]} Bb7 {[%clk 1:30:56]} 4. Bg2
{[%clk 1:31:46]} g6 {[%clk 1:30:19]} 5. d4 {[%clk 1:28:16]} Bg7 {[%clk 1:28:59]}
6. O-O {[%clk 1:28:07]} O-O {[%clk 1:28:21]} 7. Qc2 {[%clk 1:26:03]} Be4
{[%clk 1:23:38]} 8. Qb3 {[%clk 1:24:47]} Nc6 {[%clk 1:18:52]} 9. Nbd2
{[%clk 1:15:35]} Bf5 {[%clk 1:12:24]} 10. e3 {[%clk 1:04:05]} d6 {[%clk 1:09:49]}
11. Nh4 {[%clk 0:54:12]} Bd7 {[%clk 1:08:59]} 12. f4 {[%clk 0:54:37]} e5
{[%clk 1:07:24]} 13. fxe5 {[%clk 0:47:51]} dxe5 {[%clk 1:07:16]} 14. d5
{[%clk 0:48:14]} Na5 {[%clk 1:05:56]} 15. Qc3 {[%clk 0:48:21]} e4
{[%clk 0:56:43]} 16. Qc2 {[%clk 0:42:53]} b5 {[%clk 0:49:22]} 17. Rb1
{[%clk 0:27:30]} Nxc4 {[%clk 0:44:23]} 18. Nxc4 {[%clk 0:27:29]} bxc4
{[%clk 0:44:48]} 19. Qxc4 {[%clk 0:27:56]} Rb8 {[%clk 0:32:22]} 20. a4
{[%clk 0:24:50]} Qe8 {[%clk 0:32:06]} 21. b3 {[%clk 0:20:55]} Bxa4
{[%clk 0:30:01]} 22. Rxf6 {[%clk 0:16:10]} Bxf6 {[%clk 0:29:53]} 23. Ba3
{[%clk 0:16:35]} Bb5 {[%clk 0:27:43]} 24. Qxc7 {[%clk 0:16:21]} Bd3
{[%clk 0:27:56]} 25. Re1 {[%clk 0:13:30]} Qd8 {[%clk 0:27:27]} 26. Qxa7
{[%clk 0:12:45]} Re8 {[%clk 0:27:37]} 27. d6 {[%clk 0:12:36]} Ra8
{[%clk 0:26:55]} 28. Qc5 {[%clk 0:12:39]} Re5 {[%clk 0:27:09]} 29. Qc1
{[%clk 0:11:45]} g5 {[%clk 0:27:17]} 0-1